Экономическая география зарубежных социалистических стран Азии: учебник для вузов

Bibliografische gegevens
Andere auteurs: Алисов Н. В. Николай Васильевич (редактор), Валев Э. Б. Эмиль Борисович
Samenvatting:Авт. указаны на 3-й с.
Taal:Russisch
Gepubliceerd in: Москва, Изд-во МГУ, 1988
Onderwerpen:
Formaat: MixedMaterials Boek
KOHA link:https://koha.lib.tpu.ru/cgi-bin/koha/opac-detail.pl?biblionumber=89070

MARC

LEADER 00000nam0a2200000 4500
001 89070
005 20231031102913.0
010 |a 5211000595 
020 |a RU  |b 88-72571 
035 |a (RuTPU)RU\TPU\book\95564 
090 |a 89070 
100 |a 20060113d1988 m y0rusy5003 ca 
101 0 |a rus 
102 |a RU 
105 |a a j 000zy 
200 1 |a Экономическая география зарубежных социалистических стран Азии  |e учебник для вузов  |g Под ред. Н. В. Алисова, Э. Б. Валева 
210 |a Москва  |c Изд-во МГУ  |d 1988 
215 |a 222,[1] с.  |c ил.  |d 25 см 
300 |a Авт. указаны на 3-й с. 
610 1 |a социалистические страны 
610 1 |a экономическая география 
610 1 |a Азия 
610 1 |a Монгольская Народная Республика 
610 1 |a Вьетнам 
610 1 |a Лаос 
610 1 |a Корея 
610 1 |a Китай 
610 1 |a природные ресурсы 
610 1 |a население 
610 1 |a экономические связи 
610 1 |a учебники 
686 |a У04(0,6)я73  |2 rubbk 
686 |a У04(0.6)я73  |2 rubbk 
702 1 |a Алисов  |b Н. В.  |g Николай Васильевич  |4 340 
702 1 |a Валев  |b Э. Б.  |g Эмиль Борисович  |4 340 
801 0 |a RU  |b RuMRKP  |c 19950417  |g psbo 
801 1 |a RU  |b 63413507  |c 20060113  |g PSBO 
801 2 |a RU  |b 63413507  |c 20191128  |g PSBO 
942 |c BK